| 000 | 00474nam a2200133 a 4500 | ||
|---|---|---|---|
| 008 | 120416s1972 ||||||||||||||||| || u | ||
| 050 | _aTP 881 Ill | ||
| 100 | _aIllingworth, John R | ||
| 245 | 1 | 0 | _aMovement and distribution of concrete |
| 260 |
_aLondon _bMcGraw-Hill _c1972 |
||
| 300 | _a239p. : ill. | ||
| 350 | _a0.00 | ||
| 995 |
_D0.00 _FCBU-MAIN LIBRARY (Kitwe) _H1 _I4.80 _UAVAILABLE _ZAnnex Low-Usage Collection |
||
| 999 |
_c51733 _d51733 |
||